• 首页
  • 本馆介绍
  • 公告通知
  • 最新文献
  • 馆藏检索
  • 电子资源
  • 读者导购
  • 参考咨询
  • 我的图书馆
  • 登录
  • 详细信息显示
  • 放入我的书架
  • 预约/预借图书
  • 作者相关作品
  • 分类相关作品
  • 丛书相关作品
  • 出版社相关作品

书目信息

  • 表格格式
  • 工作单格式
  • 卡片格式
题名:
项目管理教程
    
 
作者: 王立国 , 吴春雅 , 赫连志巍 编著
分册:  
出版信息: 北京   机械工业出版社  2008
页数: 324页
开本: 24cm
丛书名:
单 册:
中图分类: F224.5
科图分类:
主题词: 项目管理--高等教育--教材 , 项目管理
电子资源:
ISBN: 978-7-111-22744-1
000 00998nam0 2200277 45
001 1050870468
005 20100415165036.64
010    @a978-7-111-22744-1@dCNY28.00
100    @a20100409e20102007em y0chiy50 ea
101 0  @achi
102    @aCN@b110000
105    @ay z 000yy
106    @ar
200 1  @a项目管理教程@AXiang Mu Guan Li Jiao Cheng@f王立国,吴春雅,赫连志巍等编著@FWang Li Guo, Wu Chun Ya, He Lian Zhi Wei Deng Bian Zhu
210    @a北京@c机械工业出版社@d2008@h2010
215    @a324页@d24cm
300    @a普通高等教育规划教材
330    @a本书重点讲解了项目管理的实用性,并结合中国的项目管理环境,就项目管理本土化建设进行了探索。还介绍了公共项目管理的基本模式和项目管理资格认证体系。
606 0  @a项目管理@x高等教育@j教材
606 0  @a项目管理
690    @aF224.5@v4
701  0 @a王立国@AWang Li Guo@4编著
701  0 @a吴春雅@AWu Chun Ya@4编著
701  0 @a赫连志巍@AHe Lian Zhi Wei@4编著
801  0 @aCN@bTANGWEI@c20100415
905    @b0591264-68@dF224.5@e366@f5
    
    项目管理教程/王立国,吴春雅,赫连志巍等编著.-北京:机械工业出版社,2008(2010)
    324页;24cm
    普通高等教育规划教材
    
    ISBN 978-7-111-22744-1:CNY28.00
    本书重点讲解了项目管理的实用性,并结合中国的项目管理环境,就项目管理本土化建设进行了探索。还介绍了公共项目管理的基本模式和项目管理资格认证体系。
●
相关链接 在E读中查询图书 在五车中查询图书 在当当中查询图书 在豆瓣中查询图书


正题名:项目管理教程     索取号:F224.5/366         预约/预借

序号 登录号 条形码 馆藏地/架位号 状态 备注
1 0591264   205912645   第一样本阅览室/ [索取号:F224.5/366] 在馆    
2 0591265   205912654   第一借阅区/ [索取号:F224.5/366] 在馆    
3 0591266   205912663   密集书库-海洋学院/ [索取号:F224.5/366] 在馆    
4 0591267   205912672   第一借阅区/ [索取号:F224.5/366] 在馆    
5 0591268   205912681   第一借阅区/ [索取号:F224.5/366] 在馆    
唐山师范学院图书馆 欢迎您!
大连网信软件有限公司© 版权所有